01401na a2200289 450000100060000000300080000600500170001400800410003103500100007204000250008204100080010708200210011509000200013624501730015624600580032925000110038726000740039830000220047249000630049450503060055761000580086365000280092165000320094994200130098195201020099499900150109613410MIRAKIL20181213155113.0161005b tu 000 0  a13410 aMilasbturcTR-AnCHP atur a323.06bI57 1999 a323.06 I57 1999 aİnsan Hakları Koordinatör Üst Kurulu'nun çalışmaları IVbBir insan hakkı olarak çevre hakkı ve uygulamasıcİnsan Hakları Koordinatör Üst Kurulu aBir insan hakkı olarak çevre hakkı ve uygulaması a2. bs. aAnkarabİnsan Hakları Koordinatör Üst Kurulu Yayınlarıc1999 avi, 56 s.c20 sm. aİnsan Hakları Koordinatör Üst Kurulu Yayınlarıv4 ac. 1. Genel bilgiler ve basın açıklamaları -- c. 2. Kanun tasarıları, yönetmelikler, genelgeler, incelemeler ve adli rapor formları -- c. 3. İnsan hakları açısından kadının durumu, sorunları ve çözüm önerileri -- c. 4. Bir insan hakkı olarak çevre hakkı ve uygulaması. aİnsan Hakları Koordinatör Üst KuruluxRaporlar aSivil haklarzTürkiye aİnsan haklarızTürkiye 2dcccBKS a0001b0001d2016-08-13e2l0o323.06 I57 1999p000774r2016-08-13 00:00:00v0.00w2016-08-13yBKS c6613d6613